000 00533nam a2200181 a 4500
001 000048641
005 20201002061308.0
008 190404s2014 dr 000 0 spa d
020 _a9780989719322
040 _aDO-SdBNP
_bspa
_cBNPHU
082 _axx
_bxx
100 1 _aSmith, Edgar
_d1973-
_976084
245 1 0 _aIsland boy :
_bpoesía /
_cEdgar Smith.
260 _aSanto Domingo :,
_c[s.n.].
300 _a114 p. ;
_c24 cm.
500 _aIncluye datos biográficos del autor en la contracubierta
590 _aInventariado, 2019/VM
999 _c48129
_d48129